00832nam a2200241Ia 450000500170000000800410001702000260005804000190008404100120010308200150011510000160013024500690014626000280021530000140024350400500025763000430030765000330035065100590038385000100044294200070045299900170045995201140047620230215141110.0131103s9999 xx 000 0 und d a826454666cRs.2308.00 aLoreto College aEnglish a820.9bTHI aThieme,John aPostcolonial con-textsb Writing back to the canon cJohn Thieme aLondonbContinuumc2001 avii,200p  aIncludes bibliographical references and index aPostcolonialism-Commonwealth countries aDecolonization in literature aCommonwealth literature(English)-History and criticism aLCLIB cBK c38531d89010 00102ddc4070aMAINbMAINd2013-11-04l3o820.9 THI 49718pB41983r2019-02-25s2019-02-25w2013-11-04yBKf